000 00377 a2200157 4500
001 70818
020 _a8574901970
040 _cAnchieta - Itaigara
100 _aCosta, Messias
240 1 0 _aA educação nas constituições do Brasil
_lpor
245 1 0 _aA educação nas constituições do Brasil
300 _a136
362 0 _a2002
650 4 _aEducação
942 _cBK
999 _c70818
_d70818